000 00757nam a22002657a 4500
001 BR8404740
003 BR-BrBNA
005 20230928092022.0
007 ta
008 230509b bl.||||| |||| 00| 0 por d
040 _aBR-BrBNA
_bpor
_cBiblioteca Nacional de Agricultura
041 _a(Por)
072 _aJ11; P40
090 _ J11 BR8404740
110 1 _aCompanhia Brasileira de Armazenamento, Brasilia, DF (Brasil)
_92307
245 1 _aDeterminadores de umidade. Pampeiro elopam [armazenamento]
260 3 _aBrasilia, DF (Brasil):
_c1984.
300 _a14 p.
500 _a12 illus.
650 _aARMAZENAMENTO
650 _aUMIDADE AMBIENTE
650 _aINSTRUMENTO METEOROLOGICO
909 _a202309
_bLucia
_c55
_dLucia Elande
942 _cBK
999 _c36726
_d36726